BSOP header

Roots of revolution : (Record no. 4306)

MARC details
000 -LEADER
fixed length control field 00816nam a2200229 4500
008 - FIXED-LENGTH DATA ELEMENTS--GENERAL INFORMATION
fixed length control field 011005sc200 enk 0 engLO
020 ## - INTERNATIONAL STANDARD BOOK NUMBER
International Standard Book Number 1842122533
090 ## - LOCALLY ASSIGNED LC-TYPE CALL NUMBER (OCLC); LOCAL CALL NUMBER (OCLC)
Classification number (OCLC) (R) ; Classification number, CALL (RLIN) (NR) DK209.9
Local cutter number (OCLC) ; Book number/undivided call number, CALL (RLIN) V56
100 1# - MAIN ENTRY--PERSONAL NAME
Personal name Venturi, Franco
245 10 - TITLE STATEMENT
Title Roots of revolution :
Remainder of title a history of the Populist and Socialist movement in the 19th century Russia /
Statement of responsibility, etc Franco Venturi.
250 ## - EDITION STATEMENT
Edition statement rev. ed.
260 ## - PUBLICATION, DISTRIBUTION, ETC. (IMPRINT)
Place of publication, distribution, etc London :
Name of publisher, distributor, etc Phoenix Press,
Date of publication, distribution, etc cc2001.
300 ## - PHYSICAL DESCRIPTION
Extent cii, 850 p.
504 ## - BIBLIOGRAPHY, ETC. NOTE
Bibliography, etc Includes bibliographical references
600 14 - SUBJECT ADDED ENTRY--PERSONAL NAME
Personal name Alexander II, 1855-1881.
600 14 - SUBJECT ADDED ENTRY--PERSONAL NAME
Personal name Hertzen, Alexander Ivanovich.
651 #4 - SUBJECT ADDED ENTRY--GEOGRAPHIC NAME
Geographic name Populism
Geographic subdivision Russia.
651 #4 - SUBJECT ADDED ENTRY--GEOGRAPHIC NAME
Geographic name Russia
General subdivision History
-- Nicholas I, 1825-1855.
651 #4 - SUBJECT ADDED ENTRY--GEOGRAPHIC NAME
Geographic name Russia
General subdivision History
Chronological subdivision 1801-1917.
951 ## - EQUIVALENCE OR CROSS-REFERENCE-GEOGRAPHIC NAME/AREA NAME [OBSOLETE] [CAN/MARC only]
General subdivision 00010807
951 ## - EQUIVALENCE OR CROSS-REFERENCE-GEOGRAPHIC NAME/AREA NAME [OBSOLETE] [CAN/MARC only]
-- 23987
-- DK209.9/V56
-- 070613111007156
-- 2000-12-21
-- REF
Holdings
Withdrawn status Lost status Damaged status Not for loan Home library Current library Shelving location Date acquired Accession number Shelving control number Total Checkouts Full call number Barcode Date last seen Price effective from Koha item type
        BSOP Library BSOP Library Reference 12/21/2000 23987 127   DK209.9/V56 00010807 02/23/2013 02/23/2013 Books
BSOP

Biblical Seminary of the Philippines
  All rights Reserved
  © 2024

CONTACT INFORMATION

Biblical Seminary of the Philippines,
  77-B Karuhatan Road, Valenzuela City,
  PHILIPPINES 1441
  Phone: +632 8292-6795 / 8292-6798
  Fax : +632 8292-6675
  Email: library@bsop.edu.ph